Spoločná mena alebo menová nezávislosť príspevok do diskusie

Príspevok do diskusie na tému integračného procesu Slovenska a ostatných kandidátskych krajín do Európskej únie a následne vstupu do EMU (Hospodárskej a menovej únie). Poukázanie na to, že existencia rôznych mien vedie k súťaživosti menových politík jednotlivých krajín a táto rezultuje k vyššej úrok...

Descrizione completa

Salvato in:
Dettagli Bibliografici
Autore principale: Zeman, Juraj
Natura: Capitolo di libro
Lingua:slovacco
Soggetti:
Tags: Aggiungi Tag
Nessun Tag, puoi essere il primo ad aggiungerne!!

MARC

LEADER 00000naa$a2200000$$$4500
001 0005541
005 20221128110435.3
041 0 |a slo 
044 |a SK 
245 1 0 |a Spoločná mena alebo menová nezávislosť  |b príspevok do diskusie  |c aut. Juraj Zeman 
520 |a Príspevok do diskusie na tému integračného procesu Slovenska a ostatných kandidátskych krajín do Európskej únie a následne vstupu do EMU (Hospodárskej a menovej únie). Poukázanie na to, že existencia rôznych mien vedie k súťaživosti menových politík jednotlivých krajín a táto rezultuje k vyššej úrokovej miere a vyššej inflácii a následne k zníženiu blahobytu v zúčastnených krajinách. Výsledky sú demonštrované na modeli dvoch otvorených asymetrických ekonomík. Odvodenie teoretických riešení modelu a kvantitatívne vyhodnotenie. 
610 2 0 |a politika menová 
610 2 0 |a hospodárstvo otvorené 
610 2 0 |a mena 
610 2 0 |a miera úroková 
610 2 0 |a koordinácia 
610 2 0 |a modely 
100 1 |a Zeman, Juraj